LEADER 01077nam a2200253 i 4500 001 000000224464 003 CaOOAMICUS 005 20260417121618.0 008 131031s1956 it u000 u mul u 013 $a203362 040 $aSeMil$bita 100 1 $aFries, Nicolaus.$0(OLS)http://semarc/name/78146 245 10$aHebräisches Wörterbuch zum Dodekapropheton /$cvon Dr. Nicolaus Fries. 250 $a2. Aufl. 260 $aBerlin :$bTöpelmann,$c1956. 300 $aVII, 47 p. ;$c25 cm. 490 0 $aEinzelwörterbücher zum Alten Testament ;$v5. Heft 650 4$aBibbia. Antico Testamento. Libri profetici - Testo ebraico - Dizionari.$0(OLS)http://semarc/subject/60004 830 0$aEinzelwörterbücher zum Alten Testament ;$v5.$0(OLS)http://semarc/title/39397 850 $aSeMil 852 $aSeMil$W1$xVenegono$y1$m2VV VII 70$j270404$B174810$CSeMilBibl$Z2$F184822 $81 996 $6245$aHebräisches Wörterbuch zum Dodekapropheton$9(OLS)http://semarc/title/321699 996 $6260$aBerlin :$bTöpelmann$9(OLS)http://semarc/publisher/30771